भारतीय राजनीति और मेरा जीवन: (Record no. 208995)
[ view plain ]
| 000 -LEADER | |
|---|---|
| fixed length control field | 00807nam a22001817a 4500 |
| 005 - DATE AND TIME OF LATEST TRANSACTION | |
| control field | 20250212124045.0 |
| 010 ## - LCCN (DPL NO) | |
| LC control number | HIN-129348 |
| 020 ## - INTERNATIONAL STANDARD BOOK NUMBER | |
| Terms of availability | 900.00 |
| International Standard Book Number | 9788119127856 |
| 035 ## - SYSTEM CONTROL NUMBER | |
| System control number | HN-101694 |
| 037 ## - SOURCE OF ACQUISITION | |
| Source of stock number/acquisition | DBAD |
| 082 ## - DEWEY DECIMAL CLASSIFICATION NUMBER | |
| Classification number | 808.883 |
| Item number | 1 |
| 100 ## - MAIN ENTRY--PERSONAL NAME | |
| Personal name | किदवाई मोहसिना |
| 245 ## - TITLE STATEMENT | |
| Title | भारतीय राजनीति और मेरा जीवन: |
| Remainder of title | रशीद किदवाई की ज़ुबानी/ |
| Statement of responsibility, etc | किदवाई मोहसिना |
| 260 ## - PUBLICATION, DISTRIBUTION, ETC. (IMPRINT) | |
| Place of publication, distribution, etc | उत्तर प्रदेश |
| Name of publisher, distributor, etc | सेतु प्रकाशन प्रा.लि. |
| 270 ## - ADDRESS | |
| Address | सी-21 सेक्टर 65 |
| City | नॉएडा |
| Postal code | 201301 |
| 300 ## - PHYSICAL DESCRIPTION | |
| Extent | 306 पृ. |
| Dimensions | 21 सेमी. (सजिल्द) |
| 942 ## - ADDED ENTRY ELEMENTS (KOHA) | |
| Source of classification or shelving scheme | Dewey Decimal Classification |
| Item type | Hindi Books |
| Classification part | 808.883 |
| Call number suffix | किदवा |
| Edition | 1 |
| Withdrawn status | Lost status | Not for loan | Collection code | Home library | Current library | Date acquired | Source of acquisition | Cost, normal purchase price | Full call number | Barcode | Copy number | Cost, replacement price | Koha item type |
|---|---|---|---|---|---|---|---|---|---|---|---|---|---|
| Non-fiction | Sarojini Nagar | Sarojini Nagar | 11/02/2025 | Delivery of Books Act Division | 900.00 | 808.883 किदवा | HN-101694 | 1 | 900.00 | Hindi Books |
